<?xml version="1.0" encoding="UTF-8"?>
<collection xmlns="http://www.loc.gov/MARC21/slim">
<record>
  <controlfield tag="001">108727</controlfield>
  <controlfield tag="005">20211216104753.0</controlfield>
  <datafield tag="037" ind1=" " ind2=" ">
    <subfield code="a">TAZ-TFG-2021-4394</subfield>
  </datafield>
  <datafield tag="041" ind1=" " ind2=" ">
    <subfield code="a">spa</subfield>
  </datafield>
  <datafield tag="100" ind1="1" ind2=" ">
    <subfield code="a">Hernández Aguerri, Adrián</subfield>
  </datafield>
  <datafield tag="242" ind1="0" ind2="0">
    <subfield code="a">The origins of anarchism in Spain.</subfield>
  </datafield>
  <datafield tag="245" ind1="0" ind2="0">
    <subfield code="a">Los orígenes del anarquismo en España.</subfield>
  </datafield>
  <datafield tag="260" ind1=" " ind2=" ">
    <subfield code="a">Zaragoza</subfield>
    <subfield code="b">Universidad de Zaragoza</subfield>
    <subfield code="c">2021</subfield>
  </datafield>
  <datafield tag="506" ind1=" " ind2=" ">
    <subfield code="a">by-nc-sa</subfield>
    <subfield code="b">Creative Commons</subfield>
    <subfield code="c">3.0</subfield>
    <subfield code="u">http://creativecommons.org/licenses/by-nc-sa/3.0/</subfield>
  </datafield>
  <datafield tag="520" ind1=" " ind2=" ">
    <subfield code="a">El anarquismo español —también el internacional— se vio ensombrecido por la espectacularidad de los atentados terroristas que unos pocos pusieron en práctica. Solo una pequeña minoría fue la que optó por la vía violenta de la «propaganda por el hecho» y perpetró los ataques contra reyes, jefes de Gobierno y demás autoridades. Y, sin embargo, desde sus orígenes, las autoridades no dejaron de ejercer una represión sistemática y brutal contra cualquier simpatizante del movimiento libertario: juicios sumarios sin garantías, torturas y ejecuciones se sucedían durante el fin de siglo y las primeras décadas del siglo XX.&lt;br />Esa violencia minoritaria prevaleció en el imaginario colectivo en detrimento de la realidad culturalmente riquísima y variada del movimiento anarquista: el enorme esfuerzo cultural se vio irremediablemente empañado por el humo de las bombas y el metal de los puñales.&lt;br />Solo el triunfo, ya entrado el siglo XX, del anarcosindicalismo sobre el anarquismo individual, o la conversión del segundo en el primero, encumbró al anarquismo español hasta convertirlo en un importante movimiento de masas. Y en eso precisamente, ni la violencia ni los atentados hicieron del anarquismo español algo único, reside su excepcionalidad: el gran peso político y su perduración en el tiempo.&lt;br />&lt;br /></subfield>
  </datafield>
  <datafield tag="521" ind1=" " ind2=" ">
    <subfield code="a">Graduado en Historia</subfield>
  </datafield>
  <datafield tag="540" ind1=" " ind2=" ">
    <subfield code="a">Derechos regulados por licencia Creative Commons</subfield>
  </datafield>
  <datafield tag="700" ind1=" " ind2=" ">
    <subfield code="a">Peiró Martín, Ignacio</subfield>
    <subfield code="e">dir.</subfield>
  </datafield>
  <datafield tag="710" ind1="2" ind2=" ">
    <subfield code="a">Universidad de Zaragoza</subfield>
    <subfield code="b"> </subfield>
    <subfield code="c"></subfield>
  </datafield>
  <datafield tag="856" ind1="0" ind2=" ">
    <subfield code="f">718344@unizar.es</subfield>
  </datafield>
  <datafield tag="856" ind1="4" ind2=" ">
    <subfield code="s">1220501</subfield>
    <subfield code="u">http://zaguan.unizar.es/record/108727/files/TAZ-TFG-2021-4394.pdf</subfield>
    <subfield code="y">Memoria (spa)</subfield>
  </datafield>
  <datafield tag="909" ind1="C" ind2="O">
    <subfield code="o">oai:zaguan.unizar.es:108727</subfield>
    <subfield code="p">driver</subfield>
    <subfield code="p">trabajos-fin-grado</subfield>
  </datafield>
  <datafield tag="950" ind1=" " ind2=" ">
    <subfield code="a"></subfield>
  </datafield>
  <datafield tag="980" ind1=" " ind2=" ">
    <subfield code="a">TAZ</subfield>
    <subfield code="b">TFG</subfield>
    <subfield code="c">FFYL</subfield>
  </datafield>
  <datafield tag="999" ind1=" " ind2=" ">
    <subfield code="a">20211110135643.CREATION_DATE</subfield>
  </datafield>
  <datafield tag="951" ind1=" " ind2=" ">
    <subfield code="a">deposita:2021-12-16</subfield>
  </datafield>
</record>
</collection>